Регионална библиотека "Любен Каравелов" - Русе

Шпионаж на Балканите (Запис номер 182530)

MARC детайли
000 -Лидер
Контролно поле с фиксирана дължина 01025nam a2200277 c 4500
003 - Код на организацията, давaща контролен номер
Контролно поле BLK
005 - Дата и час на последна редакция
Контролно поле 20180421000138.0
008 - Елементи от данни с фиксирана дължина
fixed length control field 180411b bul|||||r ||||||| ||bul||
010 ## - Наследен системен номер
LC control number KNG00191455000
020 ## - Международен стандартен номер на книга ISBN
Международен стандартен номер на книга ISBN 954-439-004-9
-- издат.: Слово
040 ## - Източник на каталожния запис
Идентификатор на билиотеката - собственик на записа BLK
041 ## - Код за език
Код за езика на текст/звукозапис или на отделно заглавие Български
Код за езика КДБФ Български
080 ## - УДК
Текстов определител УДК Българска литература
УДК код - определител по УДК 821.163.2
УДК определител -31
УДК - код + определител 821.163.2-31
100 1# - Редна дума - Автор
Автор Делагер, Жорж
Авторска отговорност първи автор
R(LIN) 59479
139 ## - Редно поле
Редна дума Делагер, Жорж
Авторски знак Дел - Д 36
245 10 - Сведения за заглавието
Заглавие Шпионаж на Балканите
Подзаглавни данни Роман
Редно поле (дума) Жорж Делагер.
257 ## - Страна на издаване
Страна на създаване/издаване България
260 ## - Област на издателските данни
-- В. Търново
Име на издателя, разпространителя и проч. Слово
Година на издаване 1991
380 ## - Жанр
Жанр Худож. лит.
500 ## - Общи забележки
Забележка Жорж Делагер - псевд. на Георги Байкушев. - 12 000 тир. - 1. изд 1941 на изд. Звезда.
852 ## - Местоположение
Форматна сигнатура Цб 166056
856 4# - Електронен адрес и достъп
Електронен формат pdf - файл
Път до файла /url/
856 4# - Електронен адрес и достъп
Електронен формат pdf - файл
Път до файла /url/
942 ## - АРТИКУЛИ
Вид на библиотечния материал Книги
Скрит в OPAC Не
944 ## - СЪЗДАВАНЕ И РЕДАКЦИЯ на ЗАПИСА
Създаване/Редакция Създаване
Дата на регистрацията/редакция 04.10.2016
Служител, извършил регистрацията/редакцията Наталия_Любомирова
944 ## - СЪЗДАВАНЕ И РЕДАКЦИЯ на ЗАПИСА
Създаване/Редакция Редакция
Дата на регистрацията/редакция 04.10.2016
Служител, извършил регистрацията/редакцията Наталия_Любомирова
999 ## - СИСТЕМНИ КОНТРОЛНИ НОМЕРА
Koha biblionumber 182530
Koha biblioitemnumber 182530
Наличности
Код за отписване Код за изгубен артикул Източник на класификационната схема Код за повреда Коз за рестрикции Код за отдаване Артикулен № Име на библиотеката - собственик Име на библиотеката, в която се намира в момента Статус (Текущо местоположение) Дата на вписване в системата Местоположение - отдел Цена в лева Инвентарен номер Систематично азбучна сигнатура Баркод Номер на екземпляра Цена в евро Служебна бележка Служебен тип на артикула
  Не е изгубен Universal Decimal Classification Не е повреден без рестрикции ползва се в читалня 313581 Регионална библиотека "Любен Каравелов" Русе Регионална библиотека "Любен Каравелов" Русе Хранилище 1991-01-01 Хранилище 5.80 560200 Цб 166056 120000560200 1 2.97 N: стар фонд Дата: 01.01.1991 Книги
Изтеглен Не е изгубен Universal Decimal Classification Не е повреден без рестрикции заемане за дома 313582 Регионална библиотека "Любен Каравелов" Русе Регионална библиотека "Любен Каравелов" Русе Заемна - подръчен фонд 1991-01-01 Заемна - подръчен фонд 5.80 549403 П 886.7-31/Д 36 549403 2 2.97 N: стар фонд Дата: 01.01.1991 Книги
Изтеглен Не е изгубен Universal Decimal Classification Не е повреден без рестрикции заемане за дома 313583 Регионална библиотека "Любен Каравелов" Русе Регионална библиотека "Любен Каравелов" Русе Заемна - подръчен фонд 1991-01-01 Заемна - подръчен фонд 5.80 549404 П 886.7-31/Д 36 549404 3 2.97 N: стар фонд Дата: 01.01.1991 Дата инв: 13.02.2018 Бележки инв: П2018 Книги
Vip Innovations Ltd, Rousse, Bulgaria 2025